Countries Ending in Vowels (Asia) Quiz Stats

Quiz Updated Jul 18, 2015

Challenge
Share
Tweet
Embed
Score 0/19 Timer 02:00
4 Plays Today
Country % Correct
China
95%
India
94%
Indonesia
85.6%
South Korea
83.9%
North Korea
83.7%
Russia
83.3%
Malaysia
79.8%
Mongolia
78.8%
Cambodia
75.9%
Saudi Arabia
75.2%
Country % Correct
Sri Lanka
70.2%
Syria
69.9%
Georgia
66.3%
Singapore
63.5%
Armenia
62.4%
Brunei
57.1%
Turkey
50.2%
Palestine
45.7%
Timor-Leste
42.9%

You're not logged in!

Compare scores with friends on all Sporcle quizzes.
Sign Up with Email
OR
Log In

You Might Also Like...

Show Comments

Extras

Top Quizzes Today


Score Distribution

Your Account Isn't Verified!

In order to create a playlist on Sporcle, you need to verify the email address you used during registration. Go to your Sporcle Settings to finish the process.